[Event "XI Paracin Festival 2018"]
[Site "Paracin"]
[Date "2018.07.11"]
[Round "7"]
[White "Peng, Shunkai"]
[Black "Bratkovic, Sham"]
[Result "1-0"]
[WhiteElo "2390"]
[BlackElo "2190"]
[Annotator "NA"]
[PlyCount "85"]
[EventDate "2018.07.06"]
[EventType "swiss"]
[EventCountry "SRB"]
[SourceTitle "playchess.com"]
[Source "ChessBase"]
[SourceQuality "1"]
[TimeControl "5400+30"]

1. e4 {[%emt 0:00:00]} e5 {[%emt 0:01:29]} 2. Nf3 {[%emt 0:00:16]} Nc6 {[%emt 0:00:12]} 3. Bb5 {[%emt 0:00:17]} Nf6 {[%emt 0:00:32]} 4. d3 {[%emt 0:00:31]} d6 {[%emt 0:00:25]} 5. O-O {[%emt 0:03:00]} a6 {[%emt 0:00:11]} 6. Bxc6+ {[%emt 0:02:27]} bxc6 {[%emt 0:00:06]} 7. Re1 {[%emt 0:00:14]} c5 {[%emt 0:02:47]} 8. a3 {[%emt 0:04:38]} Rb8 {[%emt 0:04:58]} 9. c3 {[%emt 0:01:37]} Be7 {[%emt 0:04:35]} 10. h3 {[%emt 0:04:15]} O-O {[%emt 0:01:20]} 11. Nbd2 {[%emt 0:10:28]} Be6 {[%emt 0:05:02]} 12. b4 {[%emt 0:04:02]} Nd7 {[%emt 0:04:10]} 13. d4 {[%emt 0:05:08]} cxd4 {[%emt 0:02:11]} 14. cxd4 {[%emt 0:00:27]} exd4 {[%emt 0:02:13]} 15. Nxd4 {[%emt 0:00:26]} Bf6 {[%emt 0:01:38]} 16. Nc6 {[%emt 0:12:42]} Qc8 {[%emt 0:15:48]} 17. Bb2 {[%emt 0:07:46]} Rb6 {[%emt 0:04:34]} 18. Bxf6 {[%emt 0:00:15]} Rxc6 {[%emt 0:00:09]} 19. Bd4 {[%emt 0:00:15]} Nb6 {[%emt 0:05:37]} 20. a4 {[%emt 0:02:28]} Bc4 {[%emt 0:06:33]} 21. Qh5 {[%emt 0:17:15]} f6 {[%emt 0:13:37]} 22. Ra3 {[%emt 0:14:00]} Bf7 {[%emt 0:07:46]} 23. Qd1 {[%emt 0:02:31]} d5 {[%emt 0:05:16]} 24. Rg3 {[%emt 0:01:15]} Nc4 {[%emt 0:01:19]} 25. exd5 {[%emt 0:02:25]} Bxd5 {[%emt 0:00:26]} 26. Nxc4 {[%emt 0:02:33]} Bxc4 {[%emt 0:00:40]} 27. Qh5 {[%emt 0:00:47]} Bf7 {[%emt 0:03:21]} 28. Qf3 {[%emt 0:00:48]} Re6 {[%emt 0:01:40]} 29. Rxe6 {[%emt 0:00:41]} Qxe6 {[%emt 0:00:16]} 30. Qxf6 {[%emt 0:00:01]} Qxf6 {[%emt 0:00:09]} 31. Bxf6 {[%emt 0:00:26]} g6 {[%emt 0:02:56]} 32. Rc3 Bd5 33. Be7 {[%emt 0:00:59]} Rc8 {[%emt 0:00:37]} 34. Rc5 {[%emt 0:00:48]} c6 {[%emt 0:00:25]} 35. Ra5 {[%emt 0:00:31]} Re8 {[%emt 0:00:27]} 36. Bd6 {[%emt 0:00:27]} Re1+ {[%emt 0:01:09]} 37. Kh2 {[%emt 0:00:01]} Re2 {[%emt 0:00:14]} 38. Kg3 {[%emt 0:00:21]} Bc4 {[%emt 0:00:16]} 39. Rc5 {[%emt 0:00:27]} Bd5 {[%emt 0:00:27]} 40. b5 {[%emt 0:00:46]} axb5 {[%emt 0:00:05]} 41. axb5 {[%emt 0:00:02]} Re6 {[%emt 0:00:35]} 42. Bc7 {[%emt 0:00:05]} Bxg2 {[%emt 0:02:03]} 43. b6 {[%emt 0:00:17]} 1-0

[Event "XI Paracin Festival 2018"]
[Site "Paracin"]
[Date "2018.07.11"]
[Round "7"]
[White "Wadsworth, Matthew J"]
[Black "Uuriintuya, Uurtsaikh"]
[Result "0-1"]
[WhiteElo "2377"]
[BlackElo "2158"]
[Annotator "NA"]
[PlyCount "76"]
[EventDate "2018.07.06"]
[EventType "swiss"]
[EventCountry "SRB"]
[SourceTitle "playchess.com"]
[Source "ChessBase"]
[SourceQuality "1"]
[TimeControl "5400+30"]

1. g3 {[%emt 0:03:02]} g6 {[%emt 0:00:00]} 2. Bg2 {[%emt 0:00:23]} Bg7 {[%emt 0:00:00]} 3. c4 {[%emt 0:00:23]} Nf6 {[%emt 0:00:37]} 4. Nc3 {[%emt 0:00:39]} O-O {[%emt 0:00:15]} 5. d3 {[%emt 0:00:57]} d6 {[%emt 0:00:27]} 6. e4 {[%emt 0:00:32]} c5 {[%emt 0:00:33]} 7. Nge2 {[%emt 0:04:30]} Nc6 {[%emt 0:00:45]} 8. O-O {[%emt 0:00:18]} a6 {[%emt 0:00:25]} 9. h3 {[%emt 0:00:51]} Rb8 {[%emt 0:00:31]} 10. a4 {[%emt 0:03:37]} Bd7 {[%emt 0:00:36]} 11. Be3 {[%emt 0:02:06]} Ne8 {[%emt 0:00:22]} 12. f4 {[%emt 0:17:37]} Nc7 {[%emt 0:01:13]} 13. f5 {[%emt 0:07:57]} b5 {[%emt 0:01:30]} 14. Rb1 {[%emt 0:03:48]} Nd4 {[%emt 0:05:25]} 15. axb5 {[%emt 0:11:34]} axb5 {[%emt 0:00:57]} 16. cxb5 {[%emt 0:01:28]} gxf5 {[%emt 0:17:19]} 17. exf5 {[%emt 0:07:09]} Nxf5 {[%emt 0:01:38]} 18. Bf2 {[%emt 0:00:09]} Nxb5 {[%emt 0:02:23]} 19. Ne4 {[%emt 0:02:45]} Be5 {[%emt 0:16:34]} 20. Nf4 {[%emt 0:01:25]} Ng7 {[%emt 0:00:52]} 21. Nh5 {[%emt 0:06:49]} f5 {[%emt 0:03:47]} 22. Ng5 {[%emt 0:02:49]} Nc7 {[%emt 0:00:27]} 23. b4 {[%emt 0:03:15]} cxb4 {[%emt 0:01:57]} 24. d4 {[%emt 0:01:04]} Bf6 {[%emt 0:01:02]} 25. Nxf6+ {[%emt 0:00:35]} exf6 {[%emt 0:05:20]} 26. Nf3 {[%emt 0:03:00]} Nd5 {[%emt 0:07:05]} 27. Qb3 {[%emt 0:06:11]} Be6 {[%emt 0:01:31]} 28. Nh4 {[%emt 0:00:46]} Rb5 {[%emt 0:03:22]} 29. Rfe1 {[%emt 0:03:19]} Bf7 {[%emt 0:02:13]} 30. Qd3 {[%emt 0:01:23]} Nc3 {[%emt 0:08:11]} 31. Ra1 {[%emt 0:02:16]} Ra5 {[%emt 0:00:44]} 32. d5 {[%emt 0:00:59]} Ne4 {[%emt 0:07:41]} 33. Nxf5 {[%emt 0:00:46]} Nxf2 {[%emt 0:00:18]} 34. Nh6+ {[%emt 0:01:02]} Kh8 {[%emt 0:00:02]} 35. Kxf2 {[%emt 0:00:17]} Qb6+ {[%emt 0:00:33]} 36. Kf1 {[%emt 0:00:27]} Bg6 {[%emt 0:00:49]} 37. Qc4 {[%emt 0:00:28]} Rxa1 {[%emt 0:00:40]} 38. Rxa1 {[%emt 0:00:01]} Qe3 {[%emt 0:00:10]} 0-1

[Event "XI Paracin Festival 2018"]
[Site "Paracin"]
[Date "2018.07.11"]
[Round "7"]
[White "Tomic, Aleksandar"]
[Black "Mehmed, Elif"]
[Result "1-0"]
[WhiteElo "2347"]
[BlackElo "1973"]
[Annotator "NA"]
[PlyCount "47"]
[EventDate "2018.07.06"]
[EventType "swiss"]
[EventCountry "SRB"]
[SourceTitle "playchess.com"]
[Source "ChessBase"]
[SourceQuality "1"]
[TimeControl "5400+30"]

1. d4 {[%emt 0:00:54]} d5 {[%emt 0:00:00]} 2. Nf3 {[%emt 0:00:08]} Nf6 {[%emt 0:00:00]} 3. Bf4 {[%emt 0:00:21]} c5 {[%emt 0:00:12]} 4. e3 {[%emt 0:00:38]} Nc6 {[%emt 0:01:14]} 5. Nbd2 {[%emt 0:01:08]} Nh5 {[%emt 0:01:06]} 6. Bg5 {[%emt 0:03:06]} h6 {[%emt 0:00:17]} 7. Bh4 {[%emt 0:00:09]} g5 {[%emt 0:05:00]} 8. Ne5 {[%emt 0:01:46]} Nxe5 9. dxe5 Ng7 {[%emt 0:02:18]} 10. Bg3 {[%emt 0:01:16]} Nf5 {[%emt 0:00:13]} 11. Qh5 {[%emt 0:10:45]} e6 {[%emt 0:11:03]} 12. e4 {[%emt 0:07:52]} Nxg3 {[%emt 0:09:02]} 13. hxg3 {[%emt 0:02:29]} Qc7 {[%emt 0:10:01]} 14. f4 {[%emt 0:02:31]} Bg7 {[%emt 0:01:02]} 15. O-O-O {[%emt 0:04:40]} Bd7 {[%emt 0:01:33]} 16. Be2 {[%emt 0:04:36]} Bc6 {[%emt 0:02:30]} 17. exd5 exd5 18. Bg4 {[%emt 0:04:49]} O-O {[%emt 0:07:08]} 19. Nf3 {[%emt 0:01:12]} gxf4 {[%emt 0:01:20]} 20. gxf4 {[%emt 0:01:36]} d4 {[%emt 0:02:49]} 21. Nh4 {[%emt 0:02:01]} Bd7 {[%emt 0:00:45]} 22. Bxd7 {[%emt 0:00:25]} Qxd7 {[%emt 0:00:05]} 23. Nf5 {[%emt 0:00:30]} Qe6 {[%emt 0:00:04]} 24. Qg4 {[%emt 0:00:20]} 1-0

[Event "XI Paracin Festival 2018"]
[Site "Paracin"]
[Date "2018.07.11"]
[Round "7"]
[White "Radovic, Luka"]
[Black "Ahmed, Fareed"]
[Result "1-0"]
[WhiteElo "2344"]
[BlackElo "1953"]
[Annotator "NA"]
[PlyCount "78"]
[EventDate "2018.07.06"]
[EventType "swiss"]
[EventCountry "SRB"]
[SourceTitle "playchess.com"]
[Source "ChessBase"]
[SourceQuality "1"]
[TimeControl "5400+30"]

1. Nf3 {[%emt 0:00:00]} d5 {[%emt 0:02:16]} 2. c4 {[%emt 0:02:11]} d4 {[%emt 0:02:20]} 3. b4 {[%emt 0:05:07]} c5 {[%emt 0:11:30]} 4. bxc5 {[%emt 0:02:48]} Nc6 {[%emt 0:00:03]} 5. g3 {[%emt 0:00:30]} e5 {[%emt 0:01:46]} 6. d3 {[%emt 0:00:27]} Bxc5 {[%emt 0:01:15]} 7. Bg2 {[%emt 0:00:11]} Nge7 {[%emt 0:00:16]} 8. O-O {[%emt 0:04:52]} O-O {[%emt 0:15:46]} 9. Ba3 {[%emt 0:05:55]} Bxa3 {[%emt 0:02:43]} 10. Nxa3 {[%emt 0:00:48]} Bf5 {[%emt 0:03:50]} 11. Nd2 {[%emt 0:12:59]} Qd7 {[%emt 0:02:04]} 12. Qb3 {[%emt 0:00:59]} b6 {[%emt 0:11:53]} 13. Rfe1 {[%emt 0:03:59]} Rac8 {[%emt 0:14:34]} 14. Nc2 {[%emt 0:03:45]} Na5 {[%emt 0:04:58]} 15. Qb2 {[%emt 0:03:43]} Nb7 {[%emt 0:00:20]} 16. a4 {[%emt 0:03:16]} Nc5 {[%emt 0:06:28]} 17. Qa3 {[%emt 0:02:28]} Nc6 {[%emt 0:01:42]} 18. Nb3 {[%emt 0:14:03]} Nxb3 {[%emt 0:10:03]} 19. Qxb3 {[%emt 0:00:32]} Be6 {[%emt 0:02:22]} 20. Qb5 {[%emt 0:05:26]} Qd6 {[%emt 0:00:51]} 21. Bxc6 {[%emt 0:07:40]} Rxc6 {[%emt 0:02:29]} 22. a5 {[%emt 0:00:31]} Rb8 {[%emt 0:00:58]} 23. Reb1 {[%emt 0:01:17]} Rcc8 {[%emt 0:00:18]} 24. Qa6 {[%emt 0:02:13]} Qc7 {[%emt 0:00:40]} 25. Na3 {[%emt 0:01:11]} Bd7 {[%emt 0:00:14]} 26. Nb5 {[%emt 0:00:52]} Bxb5 {[%emt 0:00:04]} 27. Rxb5 {[%emt 0:00:33]} bxa5 {[%emt 0:01:14]} 28. Rxb8 {[%emt 0:03:47]} Rxb8 {[%emt 0:00:32]} 29. Qxa5 {[%emt 0:00:38]} Qd6 {[%emt 0:00:30]} 30. Qxa7 {[%emt 0:00:35]} g6 {[%emt 0:00:06]} 31. c5 {[%emt 0:01:04]} Qd8 {[%emt 0:00:12]} 32. c6 {[%emt 0:00:40]} Rc8 {[%emt 0:00:05]} 33. Qb7 {[%emt 0:00:31]} Kg7 {[%emt 0:00:23]} 34. Ra7 {[%emt 0:00:40]} Qe8 {[%emt 0:00:07]} 35. Ra6 {[%emt 0:01:21]} Qd8 {[%emt 0:00:33]} 36. Qb5 {[%emt 0:01:21]} Qd6 {[%emt 0:01:34]} 37. Qc4 {[%emt 0:00:50]} Rc7 {[%emt 0:00:18]} 38. Rb6 {[%emt 0:00:26]} Kh6 {[%emt 0:00:45]} 39. Rb7 {[%emt 0:01:27]} Qxc6 {[%emt 0:00:50]} 1-0

[Event "XI Paracin Festival 2018"]
[Site "Paracin"]
[Date "2018.07.11"]
[Round "7"]
[White "Raja Rithvik R"]
[Black "Asadli, Vugar"]
[Result "1/2-1/2"]
[WhiteElo "2343"]
[BlackElo "2478"]
[Annotator "TA"]
[PlyCount "34"]
[EventDate "2018.07.06"]
[EventType "swiss"]
[EventCountry "SRB"]
[SourceTitle "playchess.com"]
[Source "ChessBase"]
[SourceQuality "1"]

{[%evp 19,34,15,28,19,45,44,60,71,71,8,10,0,73,0,16,0,69]} 1. d4 Nf6 2. c4 e6 3. g3 d5 4. Nf3 Bb4+ 5. Bd2 Bd6 (5... Be7 6. Bg2 O-O 7. O-O Nbd7 8. b4 c6 9. a4 Bd6 10. Qc2 e5 11. cxd5 cxd5 12. dxe5 Nxe5 13. Bc3 Re8 14. Nbd2 Nxf3+ 15. Bxf3 Bh3 {½-½ (58) So,W (2778)-Karjakin,S (2782) Stavanger 2018}) 6. Nc3 {E01: Catalan: Early deviations} O-O 7. Bg5 c6 8. Bg2 h6 9. Bxf6 Qxf6 10. O-O Qd8 {LiveBook: 5 Games} 11. Qb3 b6 12. Rfd1 {[%cal Rc4d5]} a5 13. cxd5 exd5 14. Na4 $146 (14. e4 $16) 14... Nd7 15. Nc3 ({White should try} 15. Qc2 $11 Bb7 16. Nh4) 15... Nb8 $16 16. Na4 (16. e4 $16) 16... Nd7 $11 17. Nc3 (17. Qc2 $11) 17... Nb8 1/2-1/2

[Event "XI Paracin Festival 2018"]
[Site "Paracin"]
[Date "2018.07.11"]
[Round "7"]
[White "Marjanovic, Annamaria"]
[Black "Atalik, Suat"]
[Result "0-1"]
[WhiteElo "2325"]
[BlackElo "2509"]
[Annotator "ChessBase"]
[PlyCount "78"]
[EventDate "2018.07.06"]
[EventType "swiss"]
[EventCountry "SRB"]
[SourceTitle "playchess.com"]
[Source "ChessBase"]
[SourceQuality "1"]
[TimeControl "5400+30"]

1. c4 {[%emt 0:00:00]} b6 {[%emt 0:00:00]} 2. e4 {[%emt 0:00:00]} Bb7 {[%emt 0:00:25]} 3. Nc3 {[%emt 0:00:04]} e5 {[%emt 0:00:22]} 4. Nge2 {[%emt 0:02:32]} Nf6 {[%emt 0:03:49]} 5. d3 {[%emt 0:01:36]} Bc5 {[%emt 0:00:51]} 6. h3 {[%emt 0:02:08]} c6 {[%emt 0:02:28]} 7. Ng3 {[%emt 0:07:45]} d5 {[%emt 0:01:16]} 8. Nf5 {[%emt 0:01:33]} g6 {[%emt 0:08:21]} 9. Ng3 {[%emt 0:00:39]} dxc4 {[%emt 0:01:48]} 10. dxc4 {[%emt 0:02:41]} Qxd1+ {[%emt 0:00:44]} 11. Nxd1 {[%emt 0:00:22]} h5 {[%emt 0:09:15]} 12. Bd3 {[%emt 0:01:48]} Na6 {[%emt 0:00:30]} 13. a3 {[%emt 0:04:57]} Bd4 {[%emt 0:00:30]} 14. Bg5 {[%emt 0:08:02]} Nh7 {[%emt 0:02:01]} 15. Be3 {[%emt 0:01:58]} Nc5 {[%emt 0:02:58]} 16. Bxd4 {[%emt 0:03:52]} Nxd3+ {[%emt 0:01:05]} 17. Kd2 {[%emt 0:00:08]} O-O-O {[%emt 0:00:26]} 18. Kxd3 {[%emt 0:01:42]} Rxd4+ {[%emt 0:00:39]} 19. Kc3 {[%emt 0:00:07]} Rhd8 {[%emt 0:01:53]} 20. h4 {[%emt 0:16:58]} Rd2 {[%emt 0:09:53]} 21. Kb3 {[%emt 0:01:59]} R8d3+ {[%emt 0:00:31]} 22. Ka2 {[%emt 0:00:17]} Rc2 {[%emt 0:00:16]} 23. c5 {[%emt 0:08:31]} Ba6 {[%emt 0:02:15]} 24. cxb6 {[%emt 0:03:03]} axb6 {[%emt 0:00:49]} 25. Kb1 {[%emt 0:05:06]} Rdd2 {[%emt 0:01:15]} 26. a4 {[%emt 0:01:29]} Bd3 {[%emt 0:02:20]} 27. Ka2 {[%emt 0:00:08]} Nf6 {[%emt 0:01:17]} 28. Re1 {[%emt 0:02:34]} Ng4 {[%emt 0:02:06]} 29. Nf1 {[%emt 0:02:57]} Bc4+ {[%emt 0:02:58]} 30. Ka3 {[%emt 0:00:11]} Rd3+ {[%emt 0:00:46]} 31. Nc3 {[%emt 0:00:09]} Rxf2 {[%emt 0:00:30]} 32. Rac1 {[%emt 0:01:06]} Rxg2 {[%emt 0:02:03]} 33. b3 {[%emt 0:01:06]} Be6 {[%emt 0:00:51]} 34. Nd5 {[%emt 0:00:51]} Kb7 {[%emt 0:03:18]} 35. Rxc6 {[%emt 0:01:13]} Kxc6 {[%emt 0:01:35]} 36. Nb4+ {[%emt 0:00:07]} Kb7 {[%emt 0:00:10]} 37. Nxd3 {[%emt 0:00:06]} g5 38. Ne3 {[%emt 0:06:24]} Rg3 {[%emt 0:01:02]} 39. Nxg4 hxg4 0-1

[Event "XI Paracin Festival 2018"]
[Site "Paracin"]
[Date "2018.07.11"]
[Round "7"]
[White "Kathmale, Sameer"]
[Black "Shyam, Sundar M"]
[Result "1/2-1/2"]
[WhiteElo "2323"]
[BlackElo "2527"]
[Annotator "TA"]
[PlyCount "48"]
[EventDate "2018.07.06"]
[EventType "swiss"]
[EventCountry "SRB"]
[SourceTitle "playchess.com"]
[Source "ChessBase"]
[SourceQuality "1"]

{[%evp 9,48,29,21,22,39,23,14,22,88,82,78,51,62,53,77,72,72,50,60,70,89,85,78,78,120,77,131,150,135,125,125,-8,33,-72,35,26,34,30,28,56,60]} 1. e4 c5 2. c3 d6 3. d4 Nf6 4. Bd3 g6 5. f3 (5. dxc5 dxc5 6. e5 Nh5 7. h3 Nc6 8. Nf3 Ng7 9. Qe2 Ne6 10. O-O Bg7 11. Re1 Qc7 12. a4 b6 13. Na3 Bb7 14. Be4 {½-½ (90) Howell,D (2676)-Mamedov,R (2709) Riadh 2017}) 5... Bg7 {LiveBook: 3 Partien} 6. Be3 {B07: Pirc-Ufimzew-Verteidigung} Nfd7 7. Qd2 Nc6 {[%cal Rc5d4]} 8. Ne2 {Die Stellung ist ausgeglichen.} e5 $146 (8... a6 $11 {bleibt in der Remisbreite.}) ({Vorgänger:} 8... cxd4 9. cxd4 e5 10. d5 Nd4 11. Nbc3 O-O 12. O-O {1-0 (57) Praznik,N (2273)-Kosmac,B (2141) Slovenia 2002}) 9. d5 $16 Ne7 10. Na3 f5 11. exf5 Nxf5 12. Bg5 $36 {[%mdl 2048] Läuft bei Weiss.} Bf6 13. Bxf6 Nxf6 14. O-O-O a6 15. h4 b5 16. g4 Ne7 17. c4 e4 (17... b4 $142 18. Nc2 e4 19. Bxe4 Nxe4 20. fxe4 Bxg4) 18. Bxe4 Nxe4 19. fxe4 Bxg4 20. e5 ({Besser ist} 20. Rhg1 $16 Bf3 21. Qe3) 20... Nf5 (20... O-O $5 {[%cal Rf8f2]} 21. Rhg1 Bh5 $15) 21. h5 (21. Rdg1 $14 {behält die Oberhand.} Bxe2 22. Qxe2) 21... Bxe2 ({Viel schwächer wäre} 21... dxe5 $6 22. hxg6 h5 23. d6 $11 (23. cxb5 axb5 24. d6 Nd4 $11)) (21... Bxh5 $17 22. Rde1 Bxe2 23. Qxe2 O-O) 22. Qxe2 $14 Qg5+ 23. Qd2 Qxd2+ 24. Rxd2 {Und weiter mit hxg6 wäre nett.} b4 {Precision: Weiß = 50%, Schwarz = 50%.} 1/2-1/2

[Event "XI Paracin Festival 2018"]
[Site "Paracin"]
[Date "2018.07.11"]
[Round "7"]
[White "Pantelic, Sasa"]
[Black "McPhillips, Joseph"]
[Result "0-1"]
[WhiteElo "2316"]
[BlackElo "2402"]
[Annotator "NA"]
[PlyCount "86"]
[EventDate "2018.07.06"]
[EventType "swiss"]
[EventCountry "SRB"]
[SourceTitle "playchess.com"]
[Source "ChessBase"]
[SourceQuality "1"]
[TimeControl "5400+30"]

1. d4 {[%emt 0:00:00]} b5 {[%emt 0:07:10]} 2. Nf3 {[%emt 0:02:51]} Bb7 {[%emt 0:01:48]} 3. g3 {[%emt 0:00:46]} e6 {[%emt 0:00:37]} 4. Bg2 {[%emt 0:00:19]} c5 {[%emt 0:01:45]} 5. c3 {[%emt 0:02:00]} a5 {[%emt 0:08:53]} 6. O-O {[%emt 0:01:09]} a4 {[%emt 0:06:03]} 7. Re1 {[%emt 0:03:09]} Nf6 {[%emt 0:02:18]} 8. Bg5 {[%emt 0:00:55]} cxd4 {[%emt 0:16:16]} 9. Nxd4 {[%emt 0:12:46]} Bxg2 {[%emt 0:03:23]} 10. Kxg2 {[%emt 0:00:07]} b4 {[%emt 0:00:58]} 11. e4 {[%emt 0:02:17]} h6 {[%emt 0:06:48]} 12. Bxf6 {[%emt 0:07:00]} gxf6 {[%emt 0:00:03]} 13. Qf3 {[%emt 0:03:21]} Ra5 {[%emt 0:03:33]} 14. a3 {[%emt 0:04:26]} b3 {[%emt 0:00:46]} 15. Nd2 {[%emt 0:01:06]} Be7 {[%emt 0:04:04]} 16. Rad1 {[%emt 0:00:59]} Qc7 {[%emt 0:01:06]} 17. Qd3 {[%emt 0:01:45]} h5 {[%emt 0:05:09]} 18. h4 {[%emt 0:07:45]} Qb7 {[%emt 0:00:48]} 19. Kh2 {[%emt 0:03:11]} Rc5 {[%emt 0:01:18]} 20. Nc4 {[%emt 0:04:03]} Rg8 {[%emt 0:03:45]} 21. e5 {[%emt 0:13:08]} fxe5 {[%emt 0:09:11]} 22. Qh7 {[%emt 0:03:21]} Rf8 {[%emt 0:00:02]} 23. Nxe5 {[%emt 0:01:31]} Bf6 {[%emt 0:02:53]} 24. Ng6 {[%emt 0:08:15]} Bxd4 {[%emt 0:01:31]} 25. Rxd4 {[%emt 0:00:16]} Rf5 {[%emt 0:01:43]} 26. Nf4 {[%emt 0:02:48]} Qf3 {[%emt 0:05:55]} 27. Kg1 {[%emt 0:00:44]} Kd8 {[%emt 0:00:24]} 28. Re3 {[%emt 0:01:09]} Qc6 {[%emt 0:00:18]} 29. Nxh5 {[%emt 0:01:35]} d5 {[%emt 0:00:02]} 30. Qh6 {[%emt 0:03:38]} Nd7 {[%emt 0:00:49]} 31. g4 {[%emt 0:00:45]} Rg8 {[%emt 0:00:21]} 32. Kf1 {[%emt 0:02:29]} Qa6+ {[%emt 0:00:40]} 33. Ke1 {[%emt 0:00:11]} Kc7 {[%emt 0:02:43]} 34. Qh7 {[%emt 0:01:21]} Rg6 {[%emt 0:00:54]} 35. c4 {[%emt 0:02:25]} Qb6 {[%emt 0:00:48]} 36. Rdd3 {[%emt 0:02:03]} Rxg4 {[%emt 0:00:38]} 37. Ng3 {[%emt 0:00:23]} Qa5+ {[%emt 0:00:40]} 38. Rd2 {[%emt 0:00:55]} Rxf2 {[%emt 0:00:34]} 39. Ree2 {[%emt 0:00:53]} Rf3 {[%emt 0:00:48]} 40. Kd1 {[%emt 0:01:17]} Rgxg3 {[%emt 0:00:25]} 41. Re1 {[%emt 0:00:06]} Rf5 {[%emt 0:01:10]} 42. Qh8 {[%emt 0:00:17]} Rg4 {[%emt 0:00:37]} 43. h5 {[%emt 0:00:45]} Rxc4 {[%emt 0:00:13]} 0-1

[Event "XI Paracin Festival 2018"]
[Site "Paracin"]
[Date "2018.07.11"]
[Round "7"]
[White "Sredojevic, Ivan"]
[Black "Yilmazyerli, Mert"]
[Result "1/2-1/2"]
[WhiteElo "2298"]
[BlackElo "2491"]
[Annotator "TA"]
[PlyCount "69"]
[EventDate "2018.07.06"]
[EventType "swiss"]
[EventCountry "SRB"]
[SourceTitle "playchess.com"]
[Source "ChessBase"]
[SourceQuality "1"]

{[%evp 15,69,0,0,-7,0,-15,-13,-59,-56,-61,-35,-40,-54,-37,-35,-83,-83,-97,-79,-74,-87,-85,-77,-92,-96,-101,-47,-82,-68,-74,-42,-69,-63,-63,-70,-67,-67,-63,-58,-105,-75,-78,-83,-106,-86,-94,-76,-76,-58,-58,-37,-32,-37,-46,0,0]} 1. Nf3 g6 2. e4 Bg7 3. d4 d6 4. Nc3 a6 5. Be2 b5 6. a3 {B06: Modern Defence} (6. O-O Nd7 7. Re1 Bb7 8. Bd3 e5 9. d5 Ne7 10. a4 b4 11. Na2 a5 12. c3 bxc3 13. Nxc3 O-O 14. Be3 {0-1 (41) Guseinov,G (2645)-Carlsen,M (2832) chess.com INT 2017}) 6... Bb7 7. O-O Nd7 8. Re1 c5 {LiveBook: 4 Games} 9. Bf1 cxd4 10. Nxd4 Ngf6 11. g3 O-O 12. Bg2 {White wants to play e5.} Qc7 $146 ({Predecessor:} 12... e5 13. Nb3 Qc7 14. Bg5 h6 {½-½ (41) Calistri,T (2324)-Ippolito,M (2301) France 2001}) 13. Nd5 Nxd5 14. exd5 Nb6 15. c3 Bxd5 16. Nxb5 Qb7 ({Much worse is} 16... axb5 $6 17. Bxd5 Nxd5 18. Qxd5 $11) 17. Bxd5 Nxd5 18. Nd4 Rfc8 19. Nc2 Rab8 20. Nb4 {[#]} Nf6 ({Don't play} 20... Nxb4 $6 21. axb4 d5 22. Bf4 $11) (20... Nb6 $1 $17 21. Bg5 e6) 21. Bg5 Rc5 22. Be3 Rh5 23. Bd4 a5 24. Bxf6 Bxf6 25. Nd3 Rf5 26. Rc1 h5 27. b4 Rf3 28. bxa5 Rf5 29. c4 Rxa5 30. c5 dxc5 31. Nxc5 Qa7 32. Nd7 Ra8 33. Nxf6+ exf6 34. Rc6 Rxa3 35. Rxf6 {Precision: White = 42%, Black = 71%.} 1/2-1/2

[Event "XI Paracin Festival 2018"]
[Site "Paracin"]
[Date "2018.07.11"]
[Round "7"]
[White "Cerovic, Danilo"]
[Black "Arsovic, Zoran"]
[Result "1-0"]
[WhiteElo "2294"]
[BlackElo "2436"]
[Annotator "TA"]
[PlyCount "73"]
[EventDate "2018.07.06"]
[EventType "swiss"]
[EventCountry "SRB"]
[SourceTitle "playchess.com"]
[Source "ChessBase"]
[SourceQuality "1"]

{[%evp 20,73,33,32,42,42,32,22,68,68,82,80,112,109,57,81,125,115,129,123,135,135,122,85,331,326,471,464,505,434,427,418,411,391,551,528,700,704,674,675,707,692,700,641,738,691,787,729,1275,1252,1256,1245,1166,1135,2743,2633]} 1. e4 c5 2. Nf3 e6 3. d4 cxd4 4. Nxd4 Nc6 5. Nc3 Qc7 6. Be3 {[%cal Bc1e3,Be3g1,Bg1b6][%mdl 32]} a6 7. Qd2 Nf6 8. f4 {B48: Sicilian: Taimanov: 5 Nc3 Qc7 6 Be3 a6 without Be2} b5 (8... Bb4 9. Bd3 Na5 10. a3 Bxc3 11. Qxc3 Qxc3+ 12. bxc3 d5 13. exd5 exd5 14. Nb3 Nc4 15. Bd4 Ne4 {1-0 (57) Carlsen,M (2834)-Matlakov,M (2718) Wijk aan Zee 2018}) 9. e5 Ng4 10. Bg1 Bb7 11. O-O-O {LiveBook: 7 Games} Rd8 12. Ndxb5 $146 ({Predecessor:} 12. Nxc6 Bxc6 13. Qe2 Nh6 14. Ne4 Nf5 15. g4 Qb7 {0-1 (33) Jurcik,M (2473)-Bosiocic,M (2611) Batumi 2018}) 12... axb5 13. Nxb5 Qc8 ({Avoid the trap} 13... Qa5 $2 14. Qxa5 Nxa5 15. Nc7+ Ke7 16. h3 $18 (16. Bc5+ d6 $18)) 14. Bb6 {Threatens to win with Nc7+.} f5 15. Be2 Bb4 {[#]} 16. Nd6+ $1 Bxd6 17. Qxd6 g6 18. h3 $36 {[%mdl 2048] White is in control.} Nh6 19. Bxd8 Nxd8 20. Bb5 {[%cal Rb5d7]} Bc6 21. Bxc6 dxc6 $2 {[#]} (21... Nxc6 $16 {was worth a try.} 22. Qc5 Nf7) 22. Rd3 $18 Nb7 (22... g5 {was necessary.} 23. g3 (23. fxg5 Nhf7 $16) 23... Nhf7) 23. Qb4 Rf8 24. Rhd1 Rf7 25. a4 {[%cal Ba2a4,Ba4a5][%mdl 32]} Re7 26. Qb6 Nf7 (26... Qc7 $142 27. Qa6 Kf7) 27. a5 {White is clearly winning.} Qc7 28. Qxc7 Rxc7 29. b4 Nbd8 30. Ra3 g5 31. g3 {[%cal Bg2g3,Bg3f4][%mdl 32]} gxf4 32. gxf4 Nh8 33. a6 Ra7 34. c4 {[%cal Bc2c4,Bc4b5][%mdl 32]} Ng6 35. b5 cxb5 36. cxb5 Rc7+ 37. Kb2 {Precision: White = 93%, Black = 23%.} 1-0